Quyết định quản lý nhà nước của chính phủ lý luận và thực tiễn

Uloženo v:
Podrobná bibliografie
Hlavní autor: Cao, Vũ Minh
Médium: Kniha
Jazyk:Vietnamese
Vydáno: Hà Nội Chính trị Quốc gia - Sự thật 2017
Témata:
Tagy: Přidat tag
Žádné tagy, Buďte první, kdo otaguje tento záznam!
Thư viện lưu trữ: Trung tâm Học liệu Lê Vũ Hùng, Trường Đại học Đồng Tháp
LEADER 00813aam a22002298a 4500
001 00040785
005 20180122140156.0
008 120403s2007 ||||||viesd
020 # # |a 978 604 57 3079 9  |c 98000 
041 0 # |a vie 
082 1 4 |a 352.3  |b QU605Đ 
100 1 # |a Cao, Vũ Minh 
245 1 0 |a Quyết định quản lý nhà nước của chính phủ  |b lý luận và thực tiễn  |c Cao Vũ Minh 
260 # # |a Hà Nội  |b Chính trị Quốc gia - Sự thật  |c 2017 
300 # # |a 355 tr.  |c 21 cm. 
653 # # |a Chính phủ 
653 # # |a Nghiên cứu 
653 # # |a Quyết định 
653 # # |a Quản lý nhà nước 
852 # # |j KM.0024106  |j KD.0023148 
910 |d 22/01/2018 
980 # # |a Trung tâm Học liệu Lê Vũ Hùng, Trường Đại học Đồng Tháp